Budova a energia
Saved in:
| Main Author: | |
|---|---|
| Format: | Book |
| Language: | Slovak |
| Published: |
B. Bystrica :
Vidas,
1995
|
| Edition: | 1. vyd. |
| Subjects: | |
| Tags: |
No Tags, Be the first to tag this record!
|
MARC
| LEADER | 00000nam a22000003a 4500 | ||
|---|---|---|---|
| 001 | stu12477 | ||
| 005 | 20150617225802.4 | ||
| 008 | 960108s1995----xo------------------slo-d | ||
| 040 | |a STU |b slo | ||
| 041 | 0 | |a slo | |
| 044 | |a xo | ||
| 100 | 1 | |a Bielek, Milan, |d 1938- |4 aut |u V180 |U SvF Stavebná fakulta |T SvF Katedra konštrukcií pozemných stavieb |X 997 |U V180 |Y 18 |7 A000000997 | |
| 245 | 1 | |a Budova a energia | |
| 250 | |a 1. vyd. | ||
| 260 | |a B. Bystrica : |b Vidas, |c 1995 | ||
| 300 | |a 212 s | ||
| 650 | 7 | |a energia |2 stusub | |
| 650 | 7 | |a úspory energie |2 stusub | |
| 996 | |b 284AU02857 |c A*2867 U |l AAKNAR |s A |a 24 |w stu12477_0001 | ||
| 996 | |b 284AU04144 |c A*2868 U |l AAKNAR |s A |a 24 |w stu12477_0002 | ||